Stress and job satisfaction among school teachers in Malaysia : the association with the psychosocial working environment and organizational justice /
Saved in:
| 主要作者: | |
|---|---|
| 格式: | Thesis 圖書 |
| 語言: | English |
| 出版: |
2018.
|
| 主題: | |
| 在線閱讀: | http://studentsrepo.um.edu.my/10357/ |
| 標簽: |
添加標簽
沒有標簽, 成為第一個標記此記錄!
|
| LEADER | 01575cam a2200337 i 4500 | ||
|---|---|---|---|
| 001 | u1120866 | ||
| 003 | SIRSI | ||
| 005 | 201908141020 | ||
| 008 | 190814s20182018my ad m 000 0 eng | ||
| 040 | |a UMP |e rda | ||
| 096 | |a WA20.5 |b UMP 2018 Har | ||
| 100 | 0 | |a Harish Raj Narandaran | |
| 245 | 1 | 0 | |a Stress and job satisfaction among school teachers in Malaysia : |b the association with the psychosocial working environment and organizational justice / |c Harish Raj Narandaran. |
| 264 | 1 | |c 2018. | |
| 264 | 4 | |c 2018. | |
| 300 | |a viii, 336 leaves : |b colour illustration ; |c 30 cm. | ||
| 336 | |a text |2 rdacontent | ||
| 337 | |a unmediated |2 rdamedia | ||
| 338 | |a volume |2 rdacarrier | ||
| 502 | |b Dr.P.H. |c Department of Social and Preventive Medicine, Faculty of Medicine, University of Malaya |d 2018. | ||
| 504 | |a Bibliography: leaves 273-314. | ||
| 530 | |a Also issued on CD. | ||
| 650 | 1 | 2 | |a Job Satisfaction |z Malaysia. |
| 650 | 2 | 2 | |a Social Justice |z Malaysia. |
| 650 | 2 | 2 | |a School Teachers |x psychology |z Malaysia. |
| 710 | 2 | 0 | |a Universiti Malaya. |b Jabatan Perubatan Kemasyarakatan dan Pencegahan, |e degree granting institution. |
| 856 | 4 | 1 | |u http://studentsrepo.um.edu.my/10357/ |
| 900 | |a RAH | ||
| 596 | |a 2 | ||
| 999 | |a WA20.5 UMP 2018 HAR |w NLM |c 1 |i A516866454 |f 16/8/2019 |g 1 |l STACKS |m P02MEDKL |r Y |s Y |t TESIS |u 16/8/2019 |o .STAFF. EMBARGO 28 AUG 2018 - 27 AUG 2020 - released on 11/3/2021 RAH-hantar ke stak pada 18/10/21 | ||
| 999 | |a WA20.5 UMP 2018 HAR |w NLM |c 2 |i A517451847 |l COUNTER |m P02MEDKL |r Y |s Y |t CD |u 4/9/2019 |o .STAFF. Embargoed until 28 aug 2018 - released on 11 march 2021 | ||
